Leonardo da Vinci / (Record no. 2702)
[ view plain ]
| 000 -LEADER | |
|---|---|
| fixed length control field | 01625cam a22003014a 4500 |
| 005 - DATE AND TIME OF LATEST TRANSACTION | |
| control field | 20240110132154.0 |
| 020 ## - INTERNATIONAL STANDARD BOOK NUMBER | |
| International Standard Book Number | 067005920X (hardcover : alk. paper) |
| 020 ## - INTERNATIONAL STANDARD BOOK NUMBER | |
| International Standard Book Number | 9780545003728 |
| 040 ## - CATALOGING SOURCE | |
| Original cataloging agency | DLC |
| Transcribing agency | DLC |
| Modifying agency | DLC |
| Language of cataloging | eng |
| 050 00 - LIBRARY OF CONGRESS CALL NUMBER | |
| Classification number | Q143 |
| Item number | .L5 K78 2005 |
| 082 00 - DEWEY DECIMAL CLASSIFICATION NUMBER | |
| Classification number | 509/.2 |
| Edition number | 22 |
| 100 1# - MAIN ENTRY--PERSONAL NAME | |
| Personal name | Krull, Kathleen |
| 245 10 - TITLE STATEMENT | |
| Title | Leonardo da Vinci / |
| Statement of responsibility, etc. | by Kathleen Krull ; illustrated by Boris Kulikov |
| 250 ## - EDITION STATEMENT | |
| Edition statement | First Scholastic printing, February 2007 |
| 260 ## - PUBLICATION, DISTRIBUTION, ETC. | |
| Place of publication, distribution, etc. | New York : |
| Name of publisher, distributor, etc. | Scholastic, |
| Date of publication, distribution, etc. | 2005 |
| 300 ## - PHYSICAL DESCRIPTION | |
| Extent | 124 pages : |
| Other physical details | illustrations ; |
| Dimensions | 20cm |
| 490 1# - SERIES STATEMENT | |
| Series statement | Giants of science |
| 505 0# - FORMATTED CONTENTS NOTE | |
| Formatted contents note | Z |
| 520 ## - SUMMARY, ETC. | |
| Summary, etc. | For more than thirty years-half his life-he was obsessively devoted to investigating everything in the natural world. Nothing escaped his interest-how our eyes see, why the sky is blue, what forces build mountains, how light travels, where water comes from, and-most fascinating of all to Leonardo-the inner workings of the human body. Nothing stopped him. It was illegal to dissect human corpses, so he did autopsies in secret, even devising a clever way to slice through eyeballs (notoriously squishy!). Scrupulously researched and juicily anecdotal, Kathleen Krull's portrait of Leonardo will not only change children's ideas of who he was, but also what it means to be a scientist. |
| 521 ## - TARGET AUDIENCE NOTE | |
| Target audience note | 1010 |
| Source | Lexile |
| 521 ## - TARGET AUDIENCE NOTE | |
| Target audience note | Z |
| Source | Raz-Plus |
| 650 #0 - SUBJECT ADDED ENTRY--TOPICAL TERM | |
| Topical term or geographic name entry element | Scientists |
| Geographic subdivision | Italy |
| Form subdivision | Biography |
| -- | Juvenile literature. |
| 650 #0 - SUBJECT ADDED ENTRY--TOPICAL TERM | |
| Topical term or geographic name entry element | Science, Renaissance |
| Form subdivision | Juvenile literature. |
| 700 1# - ADDED ENTRY--PERSONAL NAME | |
| Personal name | Kulikov, Boris |
| Dates associated with a name | 1966- |
| Relator term | illustrator |
| 906 ## - LOCAL DATA ELEMENT F, LDF (RLIN) | |
| a | 7 |
| b | cbc |
| c | orignew |
| d | 1 |
| e | ecip |
| f | 20 |
| g | y-gencatlg |
| 942 ## - ADDED ENTRY ELEMENTS (KOHA) | |
| Source of classification or shelving scheme | Dewey Decimal Classification |
| Koha item type | Books |
| Suppress in OPAC | No |
| 999 ## - | |
| -- | 2702 |
| -- | 2702 |
| Withdrawn status | Lost status | Source of classification or shelving scheme | Damaged status | Not for loan | Collection | Home library | Current library | Shelving location | Date acquired | Total Checkouts | Full call number | Barcode | Date last seen | Price effective from | Koha item type |
|---|---|---|---|---|---|---|---|---|---|---|---|---|---|---|---|
| Dewey Decimal Classification | Non-Fiction | Footprints International School Library Network Toul Kork Campus | Footprints International School Library Network Toul Kork Campus | TTP Secondary Non-Fiction Bookshelves | 01/10/2024 | KRU 509/.2 Q143 | FISSE01466 | 01/10/2024 | 01/10/2024 | Books |
